1050 1558 1421 1017 1501 1584 1091 1961 1119 1096 1192 1369 1291 1348 1925 1432 1377 1737 1911 1486 1847 1619 1254 1058 1834 1808 1618 1233 1166 1852 1522 1065 1274 1699 1556 1596 1254 1342 1795 1883 1556 1653 1867 1083 1466 1124 1218 1889 1993 1678 1772 1952 1488 1536 1694 1910 1108 1423 1447 1007 1441 1903 1321 1153 1379 1862 1103 1178 1106 1873 1132 1050 1344 1215 1980 1706 1354 1081 1400 1989 1064 1931 1664 1759 1822 1571 1414 1194 1095 1550 1632 1496 1865 1661 1812 1044 1500 1044 1083 BCNSPRNW ULIB Ver.6.0+V

เปลี่ยนเป็นภาษาไทย

Change to English
 แสดงรายละเอียดบรรณานุกรม
  กลับหน้าหลัก

Brief Record : Get Marc (ISO 2709) : E-mail record : QR code < ปิดหน้าต่าง
LEADER : 00000nam 2200000uu 4500
001    13399121689
003     ULIB
008    121129s2550||||th 000 0 tha d
020    ^a9789748822723
060 04 ^aWS100^bด764C
245 00 ^aCritical advances in pediatrics /^cบรรณาธิการ, ดุสิต สถาวร, ชิษณุ พันธุ์เจริญ, อุษา ทิสยากร
250    ^aพิมพ์ครั้งที่ 1
260    ^aกรุงเทพฯ :^bราชวิทยาลัยกุมารแพทย์แห่งประเทศไทยสมาคมกุมารแพทย์แห่งประเทศไทย,^c2550
300    ^a344 หน้า :^bภาพประกอบ ;^c27 ซม.
500    ^aหนังสือคู่มือการอบรมระยะสั้นประจำปี 2550
650  7 ^aกุมารเวชศาสตร์
700 0  ^aดุสิต สถาวร,^eบรรณาธิการ
700 0  ^aชิษณุ พันธุ์เจริญ,^eบรรณาธิการ
700 0  ^aอุษา ทิสยากร,^eบรรณาธิการ
710 2  ^aราชวิทยาลัยกุมารแพทย์แห่งประเทศไทย
710 2  ^aสมาคมกุมารแพทย์แห่งประเทศไทย
945    ^p380^l0^i24803
995    ^aวิภา
999 ^a ใช้งานได้ทุกระบบ
รายการนี้ยังไม่มีแท็ก
คุณยังไม่ได้ล็อกอิน คุณสามารถมีกิจกรรมร่วมกับเว็บไซต์ได้ แต่ต้องล็อกอินก่อน ::
  ล็อกอิน

รายการสื่อสารสนเทศ

ลำดับที่ ประเภท เลขเรียก/บาร์โค้ด สถานที่ สถานะ
- ไม่พบข้อมูล -

รายการใกล้เคียง
    หัวเรื่อง [กุมารเวชศาสตร์]

BibComment


ยังไม่เคยถูกคอมเมนท์

คอมเมนท์ทรัพยากรรายการนี้
  คอมเมนท์: Critical advance..


 Copyright 2026. Bcnsprnw @Library